Online Catalogue and eLibrary

Aspects of Culture in Shri Lanka: (Record no. 1082)

MARC details
000 -LEADER
fixed length control field 00453nam a2200145Ia 4500
005 - DATE AND TIME OF LATEST TRANSACTION
control field 20250320054350.0
008 - FIXED-LENGTH DATA ELEMENTS--GENERAL INFORMATION
fixed length control field 240331s9999 xx 000 0 und d
082 ## - DDC Classification
Class No. 302.2
Item Number - Author Mark SIV
DDC Edition Number 963
100 ## - MAIN ENTRY--PERSONAL NAME
Personal name Sivakumaran, K. S
245 #0 - TITLE STATEMENT
Title Aspects of Culture in Shri Lanka:
Remainder of title In Conversation with K. S. Sivakumaran
260 ## - PUBLICATION, DISTRIBUTION, ETC.
Place of publication, distribution, etc. Colombo,
Name of publisher, distributor, etc. K. S. Sivakumaran
Date of publication, distribution, etc. 1992
300 ## - PHYSICAL DESCRIPTION
Extent (e.g. Volumes, Pages etc.) xi, 119 p.,
500 ## - GENERAL NOTE
General note Interviews conducted on the culture of Sri Lanka
942 ## - Koha item type (Biblio)
Koha item type Books in Stacks (Lending)
Holdings
Lost status Damaged status Collection code Home library Current library Shelving location Date acquired Full call number Accession Number Item type
    Lending WERC Library WERC Library Social Science Cupboard 03/31/2024 302.2 SIV 963 Books in Stacks (Lending)

© WERC Library